Kapacitní propočty v průmyslu

Gespeichert in:
Bibliographische Detailangaben
1. Verfasser: Mrázek, Otakar
Weitere Verfasser: Synek, Miloslav
Format: Buch
Sprache:Tschechisch
Veröffentlicht: Praha Státní nakladatelství technické literatury 1981
Tags: Tag hinzufügen
Keine Tags, Fügen Sie das erste Tag hinzu!

MARC

LEADER 00000nam a2200000 4500
001 c125424
005 20041019155235.0
041 0 |a cze 
044 |a CZ 
245 1 0 |a Kapacitní propočty v průmyslu  |c Otakar Mrázek, Miloslav Synek 
264 1 |a Praha  |b Státní nakladatelství technické literatury  |c 1981 
300 |a 193 s. 
100 1 |a Mrázek, Otakar 
700 1 |a Synek, Miloslav